| 000 | 00474pab a2200169 454500 | ||
|---|---|---|---|
| 008 | 180718b1998 xxu||||| |||| 00| 0 eng d | ||
| 100 | _aShajahan, K.M. | ||
| 245 | _aNon-performing assets of banks: have they really declined? and on whose account? | ||
| 260 | _c1998 | ||
| 300 | _ap.671-74 | ||
| 362 | _a21-27 Mar | ||
| 650 | _aBanks - India | ||
| 650 | _aFinancial institutions - India | ||
| 650 | _aBanks | ||
| 773 | _aEconomic and Political Weekly | ||
| 909 | _a37173 | ||
| 999 |
_c37173 _d37173 |
||